Statistics for The Eurovision Song Contest Quiz

Click here to take the quiz!

General Stats

  • This quiz has been taken 121 times
  • The average score is 11 of 15

Answer Stats

HintAnswer% Correct
How many times has Germany won Eurovision?2
98%
How many times has the United Kingdom won Eurovision?5
98%
How many times did Ireland win Eurovision between 1990-1999?4
96%
How many times has Cliff Richard won Eurovision?0
92%
Which year did the first Eurovision Song Contest take place?1956
89%
Which French-Canadian singer won Eurovision for Switzerland in 1988?Celine Dion
88%
Which city hosted Eurovision 2018?Lisbon
83%
Which country has had the most last place finishes?Norway
76%
How many French language songs have won Eurovision?10
74%
Which country hosted Eurovision 1970?The Netherlands
72%
What is the title of Latvia's one and only winning song?I Wanna
71%
Which year did Albania debut in Eurovision?2004
68%
Which former Eurovision winner co-hosted Eurovision 2016?Mans Zelmerlow
55%
What was the title of the first English language song to win Eurovision?Puppet on A String
49%
What is the highest score ever achieved in Eurovision?758 points
11%

Score Distribution

Percentile by Number Answered

Percent of People with Each Score

Your Score History

You have not taken this quiz